000 00584cam a22002053a 4500
001 45549
003 PGUSA
005 20140828084043.0
008 140501s2014||||xxu|||||s|||||000 | eng d
040 _aPGUSA
_beng
042 _adc
100 1 _aCraine, E. J.
_q(Edith Janice)
245 1 4 _aThe Air Mystery of Isle La Motte
_h[electronic resource] /
_cE. J. Craine
260 _bProject Gutenberg,
_c2014
506 _aPublic domain in the USA.
516 _aElectronic text
830 0 _aProject Gutenberg
_v45549
856 4 0 _uhttp://www.gutenberg.org/ebooks/45549
942 _cEB
999 _c274800
_d274800